000 00302nam a2200121Ia 4500
005 20251222144658.0
008 251222s9999||||xx |||||||||||||| ||spa||
082 _a305.906/A41
100 _aAlfaro Vallejos, Julia
245 0 _aLos Pescadores Italianos de Chucuito
264 _bBANDESCO
942 _cLIB
999 _c17341
_d17341